[Event "HUN-ch Rapid 2019"]
[Site "Ajka"]
[Date "2019.07.19"]
[Round "3.15"]
[White "Acs, Marton"]
[Black "Egresi, Mate"]
[Result "0-1"]
[WhiteElo "2136"]
[BlackElo "2341"]
[Annotator "NA"]
[PlyCount "152"]
[EventDate "2019.07.18"]
[EventType "swiss"]
[EventCountry "HUN"]
[SourceTitle "playchess.com"]
[Source "ChessBase"]
[SourceQuality "1"]
[TimeControl "1200+5"]

1. Nf3 {[%emt 0:00:03]} d5 {[%emt 0:00:01]} 2. g3 {[%emt 0:00:02]} Nf6 {[%emt 0:00:01]} 3. Bg2 {[%emt 0:00:02]} Bf5 {[%emt 0:00:02]} 4. O-O {[%emt 0:00:04]} c6 {[%emt 0:00:01]} 5. d3 {[%emt 0:00:02]} e6 {[%emt 0:00:02]} 6. c4 {[%emt 0:00:03]} Be7 {[%emt 0:00:02]} 7. cxd5 {[%emt 0:00:04]} exd5 {[%emt 0:00:01]} 8. Nc3 {[%emt 0:00:04]} O-O {[%emt 0:00:04]} 9. Nd4 {[%emt 0:00:24]} Bg6 {[%emt 0:01:30]} 10. e4 {[%emt 0:00:11]} dxe4 {[%emt 0:00:58]} 11. dxe4 {[%emt 0:00:03]} Nbd7 {[%emt 0:00:17]} 12. Be3 {[%emt 0:06:24]} Ne5 {[%emt 0:00:18]} 13. f3 {[%emt 0:00:01]} Nc4 {[%emt 0:01:59]} 14. Bf2 {[%emt 0:00:03]} c5 {[%emt 0:02:59]} 15. Nf5 {[%emt 0:06:29]} Bxf5 {[%emt 0:01:40]} 16. exf5 {[%emt 0:00:03]} Nxb2 {[%emt 0:00:08]} 17. Qxd8 {[%emt 0:02:26]} Rfxd8 {[%emt 0:00:04]} 18. Rab1 {[%emt 0:00:16]} Rd2 {[%emt 0:01:20]} 19. Be1 {[%emt 0:01:06]} Rc2 {[%emt 0:00:37]} 20. Rf2 {[%emt 0:00:01]} Rxf2 {[%emt 0:01:10]} 21. Bxf2 {[%emt 0:00:02]} Nd3 {[%emt 0:00:08]} 22. Rxb7 {[%emt 0:00:07]} Bf8 {[%emt 0:02:06]} 23. Be3 {[%emt 0:02:02]} Re8 {[%emt 0:00:09]} 24. Bd2 {[%emt 0:00:01]} c4 {[%emt 0:00:06]} 25. Kf1 {[%emt 0:01:00]} Bc5 {[%emt 0:00:03]} 26. Na4 {[%emt 0:00:17]} Bf2 {[%emt 0:02:14]} 27. f4 {[%emt 0:00:22]} h5 {[%emt 0:01:27]} 28. Bf3 {[%emt 0:00:27]} Be1 {[%emt 0:01:45]} 29. Bxe1 {[%emt 0:00:08]} Rxe1+ {[%emt 0:00:03]} 30. Kg2 {[%emt 0:00:01]} Ng4 {[%emt 0:00:09]} 31. Rxa7 {[%emt 0:00:09]} Rc1 {[%emt 0:00:25]} 32. Bxg4 {[%emt 0:00:02]} hxg4 {[%emt 0:00:01]} 33. Rc7 {[%emt 0:00:01]} Rc2+ {[%emt 0:00:11]} 34. Kg1 {[%emt 0:00:01]} Ne1 {[%emt 0:00:10]} 35. Rc8+ {[%emt 0:00:03]} Kh7 {[%emt 0:00:01]} 36. Kf1 {[%emt 0:00:06]} Nf3 {[%emt 0:00:02]} 37. Nb6 {[%emt 0:00:04]} Nxh2+ {[%emt 0:00:26]} 38. Ke1 {[%emt 0:00:01]} Nf3+ {[%emt 0:00:01]} 39. Kd1 {[%emt 0:00:16]} Rd2+ {[%emt 0:00:11]} 40. Kc1 {[%emt 0:00:01]} Rxa2 {[%emt 0:00:01]} 41. Nxc4 {[%emt 0:00:10]} Rg2 {[%emt 0:00:02]} 42. Rc7 {[%emt 0:00:10]} Rg1+ {[%emt 0:00:02]} 43. Kb2 {[%emt 0:00:05]} Rxg3 {[%emt 0:00:08]} 44. Rxf7 {[%emt 0:00:02]} Kh6 {[%emt 0:00:04]} 45. Rd7 {[%emt 0:00:06]} Rg1 {[%emt 0:00:18]} 46. Ne3 {[%emt 0:00:02]} g3 {[%emt 0:00:05]} 47. Rd6+ {[%emt 0:00:01]} Kh7 {[%emt 0:00:03]} 48. Rg6 {[%emt 0:00:03]} Re1 {[%emt 0:00:14]} 49. Nc2 {[%emt 0:00:03]} Re2 {[%emt 0:00:05]} 50. Rxg3 {[%emt 0:00:04]} Nd4 {[%emt 0:00:08]} 51. Rh3+ {[%emt 0:00:01]} Kg8 {[%emt 0:00:01]} 52. Rc3 {[%emt 0:00:02]} Kf7 {[%emt 0:00:02]} 53. Kc1 {[%emt 0:00:03]} Nxf5 {[%emt 0:00:09]} 54. Kd1 {[%emt 0:00:06]} Rf2 {[%emt 0:00:02]} 55. Ke1 {[%emt 0:00:09]} Rxf4 {[%emt 0:00:02]} 56. Ke2 {[%emt 0:00:02]} g5 {[%emt 0:00:07]} 57. Rf3 {[%emt 0:00:05]} Re4+ {[%emt 0:00:12]} 58. Kf2 {[%emt 0:00:01]} Kg6 {[%emt 0:00:02]} 59. Ra3 {[%emt 0:00:06]} g4 {[%emt 0:00:02]} 60. Ne1 {[%emt 0:00:07]} Kg5 {[%emt 0:00:01]} 61. Ng2 {[%emt 0:00:03]} Rb4 {[%emt 0:00:02]} 62. Ra5 {[%emt 0:00:03]} Rb2+ {[%emt 0:00:02]} 63. Kg1 {[%emt 0:00:04]} Kf6 {[%emt 0:00:12]} 64. Ra6+ {[%emt 0:00:05]} Kg5 {[%emt 0:00:03]} 65. Ra5 {[%emt 0:00:01]} Kf6 {[%emt 0:00:00]} 66. Ra6+ {[%emt 0:00:00]} Ke5 {[%emt 0:00:02]} 67. Ra5+ {[%emt 0:00:03]} Ke4 {[%emt 0:00:11]} 68. Ra4+ {[%emt 0:00:04]} Nd4 {[%emt 0:00:01]} 69. Kh2 {[%emt 0:00:05]} Kf3 {[%emt 0:00:15]} 70. Rxd4 {[%emt 0:00:25]} Rxg2+ {[%emt 0:00:01]} 71. Kh1 {[%emt 0:00:01]} Re2 {[%emt 0:00:01]} 72. Rd1 {[%emt 0:00:04]} Kf2 {[%emt 0:00:04]} 73. Rg1 {[%emt 0:00:19]} Re8 {[%emt 0:00:15]} 74. Rg2+ {[%emt 0:00:08]} Kf3 {[%emt 0:00:01]} 75. Ra2 {[%emt 0:00:08]} Re1+ {[%emt 0:00:02]} 76. Kh2 {[%emt 0:00:01]} g3+ {[%emt 0:00:01]} 0-1

[Event "HUN-ch Rapid 2019"]
[Site "Ajka"]
[Date "2019.07.19"]
[Round "3.16"]
[White "Farago, Sandor"]
[Black "Borhy, Marcell"]
[Result "0-1"]
[WhiteElo "2210"]
[BlackElo "2382"]
[Annotator "NA"]
[PlyCount "86"]
[EventDate "2019.07.18"]
[EventType "swiss"]
[EventCountry "HUN"]
[SourceTitle "playchess.com"]
[Source "ChessBase"]
[SourceQuality "1"]
[TimeControl "1200+5"]

1. c4 {[%emt 0:00:01]} e5 {[%emt 0:00:03]} 2. Nc3 {[%emt 0:00:02]} d6 {[%emt 0:00:04]} 3. g3 {[%emt 0:00:02]} Nf6 {[%emt 0:00:17]} 4. Bg2 {[%emt 0:00:03]} Be7 {[%emt 0:00:02]} 5. Nf3 {[%emt 0:00:06]} c6 {[%emt 0:00:02]} 6. d3 {[%emt 0:00:26]} O-O {[%emt 0:00:05]} 7. O-O {[%emt 0:00:03]} h6 {[%emt 0:00:02]} 8. h3 {[%emt 0:00:06]} Be6 {[%emt 0:00:02]} 9. Rb1 {[%emt 0:00:10]} Nbd7 {[%emt 0:00:02]} 10. b4 {[%emt 0:00:04]} d5 {[%emt 0:00:15]} 11. cxd5 {[%emt 0:00:16]} cxd5 {[%emt 0:00:15]} 12. Bd2 {[%emt 0:00:22]} Rc8 {[%emt 0:00:06]} 13. a3 {[%emt 0:00:14]} Qc7 {[%emt 0:00:23]} 14. d4 {[%emt 0:00:19]} e4 {[%emt 0:00:11]} 15. Ne1 {[%emt 0:00:33]} Nb6 {[%emt 0:00:06]} 16. Rc1 {[%emt 0:00:12]} Nc4 {[%emt 0:00:07]} 17. Bf4 {[%emt 0:00:03]} Qd7 {[%emt 0:00:14]} 18. g4 {[%emt 0:00:38]} Nxa3 {[%emt 0:00:09]} 19. Qb3 {[%emt 0:00:20]} Nb5 {[%emt 0:00:19]} 20. Nxb5 {[%emt 0:00:54]} Rxc1 {[%emt 0:00:32]} 21. Bxc1 {[%emt 0:00:03]} Qxb5 {[%emt 0:00:02]} 22. Nc2 {[%emt 0:00:08]} Qxe2 {[%emt 0:00:31]} 23. b5 {[%emt 0:00:22]} Bd7 {[%emt 0:01:40]} 24. Na3 {[%emt 0:00:20]} Rc8 {[%emt 0:00:15]} 25. g5 {[%emt 0:00:23]} hxg5 {[%emt 0:00:12]} 26. Bxg5 {[%emt 0:00:02]} Qh5 {[%emt 0:00:57]} 27. Bxf6 {[%emt 0:00:16]} Bxf6 {[%emt 0:00:02]} 28. Nc2 {[%emt 0:00:12]} Be6 {[%emt 0:01:20]} 29. Re1 {[%emt 0:00:34]} Qg5 {[%emt 0:00:33]} 30. Re3 {[%emt 0:00:18]} Qf4 {[%emt 0:00:32]} 31. Qb2 {[%emt 0:00:17]} Bh4 {[%emt 0:00:52]} 32. Re2 {[%emt 0:00:53]} Qc7 {[%emt 0:01:22]} 33. Ne1 {[%emt 0:00:38]} Qc3 {[%emt 0:00:33]} 34. Qxc3 {[%emt 0:01:03]} Rxc3 {[%emt 0:00:03]} 35. Ra2 {[%emt 0:00:01]} e3 {[%emt 0:01:26]} 36. Nf3 {[%emt 0:01:06]} Bxf2+ {[%emt 0:00:17]} 37. Kf1 {[%emt 0:00:09]} Bf5 {[%emt 0:00:16]} 38. Ne5 {[%emt 0:00:12]} Rc1+ {[%emt 0:00:04]} 39. Ke2 {[%emt 0:00:01]} Re1+ {[%emt 0:00:01]} 40. Kf3 {[%emt 0:00:02]} Be4+ {[%emt 0:00:02]} 41. Kg4 {[%emt 0:00:03]} Rg1 {[%emt 0:00:11]} 42. Kf4 {[%emt 0:00:51]} Rxg2 {[%emt 0:00:08]} 43. Ng4 {[%emt 0:01:28]} Bg3+ {[%emt 0:00:03] Ra1} 0-1

[Event "HUN-ch Rapid 2019"]
[Site "Ajka"]
[Date "2019.07.19"]
[Round "3.17"]
[White "Kiss, Pal"]
[Black "Tamasi, Zoltan"]
[Result "1-0"]
[WhiteElo "2278"]
[BlackElo "1964"]
[Annotator "NA"]
[PlyCount "69"]
[EventDate "2019.07.18"]
[EventType "swiss"]
[EventCountry "HUN"]
[SourceTitle "playchess.com"]
[Source "ChessBase"]
[SourceQuality "1"]
[TimeControl "1200+5"]

1. d4 {[%emt 0:00:01]} d5 {[%emt 0:00:03]} 2. c4 {[%emt 0:00:02]} dxc4 {[%emt 0:00:28]} 3. Nf3 {[%emt 0:00:15]} Nf6 {[%emt 0:00:04]} 4. e3 {[%emt 0:00:09]} e6 {[%emt 0:00:07]} 5. Bxc4 {[%emt 0:00:03]} a6 {[%emt 0:00:16]} 6. a4 {[%emt 0:00:10]} c5 {[%emt 0:00:07]} 7. O-O {[%emt 0:00:05]} Nc6 {[%emt 0:01:06]} 8. Qe2 {[%emt 0:00:07]} Be7 {[%emt 0:00:15]} 9. Rd1 {[%emt 0:00:43]} cxd4 {[%emt 0:01:43]} 10. exd4 {[%emt 0:00:03]} O-O {[%emt 0:00:19]} 11. Nc3 {[%emt 0:00:02]} Nd5 {[%emt 0:00:49]} 12. Qe4 {[%emt 0:00:23]} Ncb4 {[%emt 0:00:54]} 13. Ne5 {[%emt 0:00:13]} b6 {[%emt 0:02:12]} 14. Nc6 {[%emt 0:01:19]} Nxc3 {[%emt 0:02:23]} 15. Nxe7+ {[%emt 0:04:48]} Qxe7 {[%emt 0:00:07]} 16. bxc3 {[%emt 0:00:01]} Bb7 {[%emt 0:00:04]} 17. Qe2 {[%emt 0:05:03]} Nd5 {[%emt 0:00:27]} 18. Bxd5 {[%emt 0:00:41]} Bxd5 {[%emt 0:00:02]} 19. c4 {[%emt 0:01:41]} Bb7 {[%emt 0:00:10]} 20. Ba3 {[%emt 0:00:20]} Qg5 {[%emt 0:00:18]} 21. f4 {[%emt 0:00:05]} Qxf4 {[%emt 0:00:24]} 22. Bxf8 {[%emt 0:00:03]} Rxf8 {[%emt 0:00:09]} 23. d5 {[%emt 0:00:36]} exd5 {[%emt 0:00:53]} 24. cxd5 {[%emt 0:00:01]} Qd6 {[%emt 0:00:01]} 25. Rac1 {[%emt 0:00:24]} h6 {[%emt 0:00:30]} 26. Qc4 {[%emt 0:00:12]} Rc8 {[%emt 0:01:35]} 27. Qxc8+ {[%emt 0:00:23]} Bxc8 {[%emt 0:00:01]} 28. Rxc8+ {[%emt 0:00:01]} Kh7 {[%emt 0:00:02]} 29. Rc6 {[%emt 0:00:03]} Qd7 {[%emt 0:00:01]} 30. d6 {[%emt 0:00:09]} Qg4 {[%emt 0:00:59]} 31. Rcc1 {[%emt 0:00:30]} Qd7 {[%emt 0:00:12]} 32. h3 {[%emt 0:00:01]} a5 {[%emt 0:01:34]} 33. Rd4 {[%emt 0:00:13]} Qe6 {[%emt 0:01:58]} 34. Kh1 {[%emt 0:00:02]} Qf6 {[%emt 0:00:29]} 35. Rdd1 {[%emt 0:00:37]} 1-0

[Event "HUN-ch Rapid 2019"]
[Site "Ajka"]
[Date "2019.07.19"]
[Round "3.18"]
[White "Forgacs, Attila"]
[Black "Nagy, Bence"]
[Result "0-1"]
[WhiteElo "2137"]
[BlackElo "2352"]
[Annotator "NA"]
[PlyCount "76"]
[EventDate "2019.07.18"]
[EventType "swiss"]
[EventCountry "HUN"]
[SourceTitle "playchess.com"]
[Source "ChessBase"]
[SourceQuality "1"]
[TimeControl "1200+5"]

1. e4 {[%emt 0:00:03]} c5 {[%emt 0:00:01]} 2. Nf3 {[%emt 0:00:01]} d6 {[%emt 0:00:03]} 3. d4 {[%emt 0:00:01]} cxd4 {[%emt 0:00:03]} 4. Nxd4 {[%emt 0:00:01]} Nf6 {[%emt 0:00:02]} 5. Nc3 {[%emt 0:00:02]} a6 {[%emt 0:00:02]} 6. Be3 {[%emt 0:00:02]} e5 {[%emt 0:00:05]} 7. Nb3 {[%emt 0:00:02]} Be6 {[%emt 0:00:03]} 8. f3 {[%emt 0:00:01]} h5 {[%emt 0:00:03]} 9. Qd2 {[%emt 0:00:02]} Nbd7 {[%emt 0:00:25]} 10. O-O-O {[%emt 0:00:04]} Rc8 {[%emt 0:00:26]} 11. Kb1 {[%emt 0:00:04]} Be7 {[%emt 0:00:20]} 12. Nd5 {[%emt 0:00:11]} Nxd5 {[%emt 0:00:20]} 13. exd5 {[%emt 0:00:02]} Bf5 {[%emt 0:00:03]} 14. Bd3 {[%emt 0:00:06]} Bxd3 {[%emt 0:00:11]} 15. Qxd3 {[%emt 0:00:01]} Bg5 {[%emt 0:00:14]} 16. g3 {[%emt 0:00:50]} O-O {[%emt 0:00:05]} 17. h4 {[%emt 0:00:21]} Bxe3 {[%emt 0:00:12]} 18. Qxe3 {[%emt 0:00:02]} a5 {[%emt 0:00:31]} 19. g4 {[%emt 0:01:30]} a4 {[%emt 0:02:08]} 20. Nc1 {[%emt 0:00:02]} Rc4 {[%emt 0:00:37]} 21. b3 {[%emt 0:01:04]} Rc5 {[%emt 0:01:26]} 22. b4 {[%emt 0:01:05]} Rc4 {[%emt 0:01:29]} 23. a3 {[%emt 0:00:01]} Qc7 {[%emt 0:00:25]} 24. Ne2 {[%emt 0:00:30]} Rxc2 {[%emt 0:00:25]} 25. Rc1 {[%emt 0:01:00]} Rc8 {[%emt 0:00:59]} 26. gxh5 {[%emt 0:01:00]} Nf6 {[%emt 0:00:43]} 27. Rhg1 {[%emt 0:01:49]} Kf8 {[%emt 0:01:01]} 28. h6 {[%emt 0:00:21]} gxh6 {[%emt 0:00:09]} 29. Qxh6+ {[%emt 0:01:17]} Ke7 {[%emt 0:00:02]} 30. Qe3 {[%emt 0:02:14]} Nxd5 {[%emt 0:01:14]} 31. Qd3 {[%emt 0:01:34]} Nc3+ {[%emt 0:00:17]} 32. Nxc3 {[%emt 0:00:11]} Rxc3 {[%emt 0:00:04]} 33. Qd2 {[%emt 0:00:36]} Rxc1+ {[%emt 0:00:04]} 34. Rxc1 {[%emt 0:00:07]} Qxc1+ {[%emt 0:00:02]} 35. Qxc1 {[%emt 0:00:02]} Rxc1+ {[%emt 0:00:02]} 36. Kxc1 {[%emt 0:00:01]} b5 {[%emt 0:00:11]} 37. Kd2 {[%emt 0:00:12]} d5 {[%emt 0:00:18]} 38. Ke3 {[%emt 0:00:16]} f5 {[%emt 0:00:26]} 0-1

[Event "HUN-ch Rapid 2019"]
[Site "Ajka"]
[Date "2019.07.19"]
[Round "3.19"]
[White "Bohus, Adam"]
[Black "Nemeth, Zoltan"]
[Result "0-1"]
[WhiteElo "2219"]
[BlackElo "2275"]
[Annotator "NA"]
[PlyCount "103"]
[EventDate "2019.07.18"]
[EventType "swiss"]
[EventCountry "HUN"]
[SourceTitle "playchess.com"]
[Source "ChessBase"]
[SourceQuality "1"]
[TimeControl "1200+5"]

1. d4 {[%emt 0:00:02]} Nf6 {[%emt 0:00:12]} 2. c4 {[%emt 0:00:02]} e6 {[%emt 0:00:01]} 3. Nf3 {[%emt 0:00:02]} b6 {[%emt 0:00:02]} 4. g3 {[%emt 0:00:02]} Bb7 {[%emt 0:00:02]} 5. Bg2 {[%emt 0:00:02]} Be7 {[%emt 0:00:01]} 6. O-O {[%emt 0:00:06]} O-O {[%emt 0:00:01]} 7. Re1 {[%emt 0:00:03]} Qc8 {[%emt 0:01:10]} 8. Nc3 {[%emt 0:00:20]} Ne4 {[%emt 0:00:02]} 9. Qc2 {[%emt 0:01:04]} f5 {[%emt 0:00:13]} 10. Bf1 {[%emt 0:03:49]} a5 {[%emt 0:01:25]} 11. Nd2 {[%emt 0:00:26]} Nxc3 {[%emt 0:00:56]} 12. bxc3 {[%emt 0:01:13]} d5 {[%emt 0:03:16]} 13. cxd5 {[%emt 0:00:45]} exd5 {[%emt 0:00:08]} 14. Bh3 {[%emt 0:02:37]} Qe6 {[%emt 0:01:06]} 15. Nf3 {[%emt 0:00:46]} Nd7 {[%emt 0:00:20]} 16. Bf4 {[%emt 0:00:27]} Rac8 {[%emt 0:02:05]} 17. Rab1 {[%emt 0:02:43]} h6 {[%emt 0:00:04]} 18. Ne5 {[%emt 0:00:45]} Nxe5 {[%emt 0:01:48]} 19. Bxe5 {[%emt 0:00:02]} Qg6 {[%emt 0:00:40]} 20. c4 {[%emt 0:01:01]} dxc4 {[%emt 0:01:20]} 21. Qxc4+ {[%emt 0:00:08]} Kh8 {[%emt 0:00:28]} 22. Bg2 {[%emt 0:00:59]} Bxg2 {[%emt 0:00:21]} 23. Kxg2 {[%emt 0:00:01]} Bd6 {[%emt 0:00:09]} 24. Qc6 {[%emt 0:01:41]} Rcd8 {[%emt 0:00:40]} 25. Rec1 {[%emt 0:00:24]} f4 {[%emt 0:02:30]} 26. Bxd6 {[%emt 0:00:34]} Rxd6 {[%emt 0:00:12]} 27. Qxc7 {[%emt 0:00:02]} fxg3 {[%emt 0:00:32]} 28. hxg3 {[%emt 0:00:01]} Qe4+ {[%emt 0:00:33]} 29. Kg1 {[%emt 0:00:08]} Rdf6 {[%emt 0:00:01]} 30. Qe5 {[%emt 0:01:34]} Qxe5 {[%emt 0:00:15]} 31. dxe5 {[%emt 0:00:02]} Rxf2 {[%emt 0:00:01]} 32. Rc2 {[%emt 0:00:02]} R2f5 {[%emt 0:00:12]} 33. e6 {[%emt 0:00:21]} b5 {[%emt 0:00:19]} 34. Rc7 {[%emt 0:00:14]} Re8 {[%emt 0:00:12]} 35. e7 {[%emt 0:00:10]} Re5 {[%emt 0:00:02]} 36. Kf2 {[%emt 0:00:05]} b4 {[%emt 0:00:09]} 37. a3 bxa3 {[%emt 0:00:10]} 38. Ra1 {[%emt 0:00:19]} R8xe7 {[%emt 0:00:09]} 39. Rxe7 {[%emt 0:00:04]} Rxe7 {[%emt 0:00:00]} 40. Rxa3 {[%emt 0:00:01]} Re5 {[%emt 0:00:01]} 41. Kf3 {[%emt 0:00:03]} g5 {[%emt 0:00:09]} 42. e4 {[%emt 0:00:14]} Kg7 {[%emt 0:00:08]} 43. Ke3 {[%emt 0:00:02]} Kf6 {[%emt 0:00:17]} 44. Kd4 {[%emt 0:00:00]} Rb5 {[%emt 0:00:09]} 45. Rc3 {[%emt 0:00:10]} Rb6 {[%emt 0:00:29]} 46. Kc5 {[%emt 0:00:07]} Ra6 {[%emt 0:00:06]} 47. Kd5 {[%emt 0:00:01]} a4 {[%emt 0:00:11]} 48. e5+ {[%emt 0:00:06]} Ke7 {[%emt 0:00:02]} 49. Ra3 {[%emt 0:00:08]} Ra5+ {[%emt 0:00:02]} 50. Kd4 {[%emt 0:00:05]} h5 {[%emt 0:00:06]} 51. g4 {[%emt 0:00:03]} hxg4 {[%emt 0:00:05]} 52. Rg3 0-1

[Event "HUN-ch Rapid 2019"]
[Site "Ajka"]
[Date "2019.07.19"]
[Round "3.20"]
[White "Reviczki, Roland"]
[Black "Akots, Gabor"]
[Result "0-1"]
[WhiteElo "2017"]
[BlackElo "2238"]
[Annotator "NA"]
[PlyCount "66"]
[EventDate "2019.07.18"]
[EventType "swiss"]
[EventCountry "HUN"]
[SourceTitle "playchess.com"]
[Source "ChessBase"]
[SourceQuality "1"]
[TimeControl "1200+5"]

1. e4 {[%emt 0:00:03]} e5 {[%emt 0:00:02]} 2. Nf3 {[%emt 0:00:01]} Nc6 {[%emt 0:00:02]} 3. Bb5 {[%emt 0:00:02]} a6 {[%emt 0:00:02]} 4. Ba4 {[%emt 0:00:01]} Nf6 {[%emt 0:00:01]} 5. d3 {[%emt 0:00:01]} d6 {[%emt 0:00:06]} 6. O-O {[%emt 0:00:04]} g6 {[%emt 0:00:06]} 7. c3 {[%emt 0:00:12]} Bg7 {[%emt 0:00:02]} 8. Re1 {[%emt 0:00:09]} O-O {[%emt 0:00:03]} 9. d4 {[%emt 0:00:09]} b5 {[%emt 0:02:45]} 10. Bc2 {[%emt 0:02:03]} Bg4 {[%emt 0:00:55]} 11. d5 {[%emt 0:00:37]} Ne7 {[%emt 0:00:34]} 12. h3 {[%emt 0:00:15]} Bd7 {[%emt 0:00:05]} 13. Bb3 {[%emt 0:01:13]} h6 {[%emt 0:00:09]} 14. a4 {[%emt 0:02:40]} Nh5 {[%emt 0:00:33]} 15. Nh2 {[%emt 0:01:57]} Rb8 {[%emt 0:01:16]} 16. axb5 axb5 {[%emt 0:00:01]} 17. Ng4 {[%emt 0:00:27]} Kh7 {[%emt 0:00:04]} 18. Nd2 {[%emt 0:00:43]} Nc8 {[%emt 0:03:05]} 19. Nf1 {[%emt 0:00:38]} Qh4 {[%emt 0:00:19]} 20. Bc2 {[%emt 0:04:42]} f5 {[%emt 0:01:41]} 21. exf5 {[%emt 0:00:02]} gxf5 {[%emt 0:00:01]} 22. Kh2 {[%emt 0:00:50]} Nf6 {[%emt 0:05:38]} 23. Nxf6+ {[%emt 0:00:32]} Qxf6 {[%emt 0:00:01]} 24. Ng3 {[%emt 0:00:22]} Kh8 {[%emt 0:01:09]} 25. Nh5 {[%emt 0:00:18]} Qf7 {[%emt 0:00:07]} 26. Nxg7 {[%emt 0:00:02]} Qxg7 {[%emt 0:00:01]} 27. Qh5 {[%emt 0:00:17]} Rf6 {[%emt 0:00:49]} 28. f4 {[%emt 0:00:16]} Nb6 {[%emt 0:01:33]} 29. fxe5 {[%emt 0:00:24]} dxe5 {[%emt 0:00:20]} 30. Rxe5 {[%emt 0:01:11]} Rg8 {[%emt 0:00:01]} 31. Qf3 {[%emt 0:00:47]} Rg6 {[%emt 0:00:08]} 32. Re2 {[%emt 0:00:02]} Rg3 {[%emt 0:00:09]} 33. Qf4 {[%emt 0:00:14]} Rxg2+ {[%emt 0:00:08]} 0-1

[Event "HUN-ch Rapid 2019"]
[Site "Ajka"]
[Date "2019.07.19"]
[Round "4.1"]
[White "Almasi, Zoltan"]
[Black "Gledura, Benjamin"]
[Result "1/2-1/2"]
[WhiteElo "2687"]
[BlackElo "2654"]
[Annotator "TA"]
[PlyCount "53"]
[EventDate "2019.07.18"]
[EventType "swiss"]
[EventCountry "HUN"]
[SourceTitle "playchess.com"]
[Source "ChessBase"]
[SourceQuality "1"]

{[%evp 17,53,16,20,10,17,29,15,27,15,15,27,19,13,6,16,2,16,14,18,9,11,6,12,11,12,-27,-24,-50,-51,-99,-77,-75,-79,-85,-75,-72,-42,-65]} 1. Nf3 Nf6 2. c4 c5 3. Nc3 Nc6 4. g3 g6 5. Bg2 Bg7 6. O-O O-O 7. d4 cxd4 8. Nxd4 Qa5 9. Nb3 Qh5 10. c5 {A39: Symmetrical English vs ...g6: 4 Bg2 Bg7 5 Nf3 Nf6 6 0-0 0-0 7 d4} d6 (10... a5 11. Na4 d6 12. Nb6 Ra6 13. Nxc8 Rxc8 14. cxd6 exd6 15. a4 Rb6 16. h3 Qe5 17. Be3 Ra6 {0-1 (50) Nyzhnyk,I (2638)-So,W (2762) chess.com INT 2019}) 11. cxd6 Rd8 12. e4 {And now Qxh5 would win.The position is equal.} Qxd1 13. Rxd1 {aiming for e5!} Rxd6 14. Bf4 Rxd1+ 15. Rxd1 {[#]} Ne8 $146 ({Predecessor:} 15... Bg4 16. f3 Be6 17. Nc5 Bc8 {1-0 (36) Pavlov,S (2481)-Kovalev,V (2539) Elets 2014}) 16. Rd2 Bxc3 17. bxc3 e5 18. Bh6 b6 19. Bf1 Be6 20. Bb5 Rc8 21. f4 f6 22. Kg2 Kf7 23. Nc1 Ke7 24. Bxc6 Rxc6 25. fxe5 Rxc3 26. Nd3 f5 27. exf5 {Accuracy: White = 56%, Black = 58%.} 1/2-1/2

[Event "HUN-ch Rapid 2019"]
[Site "Ajka"]
[Date "2019.07.19"]
[Round "4.2"]
[White "Mihok, Oliver"]
[Black "Balog, Imre"]
[Result "1/2-1/2"]
[WhiteElo "2550"]
[BlackElo "2566"]
[Annotator "ChessBase"]
[PlyCount "81"]
[EventDate "2019.07.18"]
[EventType "swiss"]
[EventCountry "HUN"]
[SourceTitle "playchess.com"]
[Source "ChessBase"]
[SourceQuality "1"]
[TimeControl "1200+5"]

1. e4 {[%emt 0:00:03]} e6 {[%emt 0:00:02]} 2. d4 {[%emt 0:00:02]} d5 {[%emt 0:00:02]} 3. Nc3 {[%emt 0:00:01]} Nc6 {[%emt 0:00:02]} 4. Nf3 {[%emt 0:00:06]} Nf6 {[%emt 0:00:03]} 5. Bd3 {[%emt 0:00:06]} Bb4 {[%emt 0:00:05]} 6. O-O {[%emt 0:00:04]} Bxc3 {[%emt 0:01:02]} 7. exd5 {[%emt 0:00:02]} Bxd4 {[%emt 0:00:47]} 8. dxc6 {[%emt 0:00:56]} Bc5 {[%emt 0:00:56]} 9. Ne5 {[%emt 0:00:42]} O-O {[%emt 0:01:56]} 10. Bg5 {[%emt 0:00:47]} h6 {[%emt 0:02:44]} 11. Bh4 {[%emt 0:00:40]} bxc6 {[%emt 0:01:37]} 12. Nxc6 {[%emt 0:02:12]} Qd5 {[%emt 0:00:38]} 13. Bxf6 {[%emt 0:00:54]} gxf6 {[%emt 0:00:02]} 14. Qg4+ {[%emt 0:00:14]} Qg5 {[%emt 0:00:08]} 15. Qe4 {[%emt 0:00:38]} f5 {[%emt 0:00:41]} 16. Ne7+ {[%emt 0:00:05]} Qxe7 {[%emt 0:00:07]} 17. Qxa8 {[%emt 0:00:03]} e5 {[%emt 0:00:02]} 18. Qc6 {[%emt 0:00:42]} Be6 {[%emt 0:00:55]} 19. c3 {[%emt 0:01:06]} Rb8 {[%emt 0:01:24]} 20. b4 {[%emt 0:00:17]} Bd6 {[%emt 0:00:01]} 21. Bc4 {[%emt 0:00:54]} Bd7 {[%emt 0:00:18]} 22. Qf3 {[%emt 0:00:18]} Qg5 {[%emt 0:01:08]} 23. Qg3 {[%emt 0:00:37]} e4 {[%emt 0:00:15]} 24. f4 {[%emt 0:00:41]} exf3 {[%emt 0:00:12]} 25. Qxg5+ {[%emt 0:00:06]} hxg5 {[%emt 0:00:01]} 26. Rxf3 {[%emt 0:00:20]} Kg7 {[%emt 0:00:02]} 27. Rd1 {[%emt 0:01:07]} f4 {[%emt 0:00:22]} 28. h3 {[%emt 0:00:31]} Rb6 {[%emt 0:00:52]} 29. Bd5 {[%emt 0:01:03]} g4 {[%emt 0:00:40]} 30. Rf2 {[%emt 0:01:12]} gxh3 {[%emt 0:00:07]} 31. gxh3 {[%emt 0:00:04]} Bxh3 {[%emt 0:00:02]} 32. Rh2 {[%emt 0:00:44]} Bf5 {[%emt 0:00:14]} 33. Rg2+ {[%emt 0:00:25]} Kf6 {[%emt 0:00:15]} 34. a3 {[%emt 0:00:16]} Ra6 {[%emt 0:00:15]} 35. Ra2 {[%emt 0:00:24]} Bg6 {[%emt 0:00:56]} 36. Bf3 {[%emt 0:00:23]} Bf5 {[%emt 0:00:13]} 37. Kf2 {[%emt 0:00:24]} Be6 {[%emt 0:00:27]} 38. Bd5 {[%emt 0:00:08]} Bg4 {[%emt 0:00:02]} 39. Bf3 {[%emt 0:00:06]} Be6 {[%emt 0:00:01]} 40. Bd5 {[%emt 0:00:02]} Bg4 {[%emt 0:00:01]} 41. Bf3 {[%emt 0:00:18]} 1/2-1/2